Normal view MARC view
  • Padovani, Claudia

Entry Nombre Personal

Number of records used in: 1

001 - NUMERO DE CONTROL

  • campo de control: 50833

003 - IDENTIFICADOR DE NUMERO DE CONTROL

  • campo de control: MX-MxUPN

005 - FECHA Y HORA DE LA ÜLTIMA TRANSACCIÓN

  • campo de control: 20240112144625.0

008 - DATOS DE LONGITUD FIJA

  • campo de control de longitud fija: 240112|| aca||aabn | a|a d

040 ## - FUENTE DE CATALOGACIÓN

  • Agencia original de catalogación: MX-MxUPN
  • Lenguaje de catalogación: spa
  • Agencia de transcripción: MX-MxUPN

100 1# - ENCABEZAMIENTO - NOMBRE PERSONAL

  • Nombre personal: Padovani, Claudia

670 ## - FUENTE EN LA QUE SE LOCALIZARON DATOS

  • Cita de la fuente: Género, medios & TIC: nuevos enfoques de investigación, educación & capacitación, 2021:
  • Información localizada: portada (Claudia Padovani)

902 ## - CATALOGADOR

  • Catalogador: Víctor Ruiz/120124